Southville International School and Colleges
Your cart is empty.
  • Cart
  • Lists
    Public lists Eva Luna New books Lux_list list_1
    Your lists Log in to create your own lists
  • Log in to your account
  • Your cookies
  • Search history
Southville International School and Colleges
  • Advanced search
  • Recent comments
  • Most popular
  • Libraries

Log in to your account

Log in with GOOGLE


If you do not have an external account, but do have a local account, you can still log in:

  1. Home
  2. MARC view: Basic and clinical immunology /
Normal view MARC view ISBD view

Basic and clinical immunology / (Record no. 117600)

[ view plain ]
MARC details
000 -LEADER
fixed length control field 00586nam a2200181Ia 4500
008 - FIXED-LENGTH DATA ELEMENTS--GENERAL INFORMATION
fixed length control field 140529s9999 xx 000 0 und d
020 ## - INTERNATIONAL STANDARD BOOK NUMBER
International Standard Book Number 9780443100826
050 ## - LIBRARY OF CONGRESS CALL NUMBER
Classification number RC 582
Item number .P313 2009
100 ## - MAIN ENTRY--PERSONAL NAME
Personal name Peakman, Mark.
245 ## - TITLE STATEMENT
Title Basic and clinical immunology /
Statement of responsibility, etc Mark Peakman, Diego Vergani ; illustrated by Robert Britton, Ethan Danielson
250 ## - EDITION STATEMENT
Edition statement 2nd ed.
260 ## - PUBLICATION, DISTRIBUTION, ETC. (IMPRINT)
Place of publication, distribution, etc Edinburgh :
Name of publisher, distributor, etc Churchill Livinstone,
Date of publication, distribution, etc c2009.
300 ## - PHYSICAL DESCRIPTION
Extent 365 p. :
Other physical details col. ill. ;
Dimensions 30 cm.
500 ## - GENERAL NOTE
General note Includes appendices and index.
650 ## - SUBJECT ADDED ENTRY--TOPICAL TERM
Topical term or geographic name as entry element Immunology.
942 ## - ADDED ENTRY ELEMENTS (KOHA)
Call number prefix Foreign
Koha item type Books
Holdings
Withdrawn status Lost status Damaged status Home library Current library Shelving location Date acquired Cost, normal purchase price Total Checkouts Full call number Barcode Date last seen Price effective from Koha item type
      South SEED-LPDH College Library South SEED-LPDH College Library South SEED-LPDH College Section 05/30/2014 4985.00   RC 582 .P313 2009 SSLC1339 05/15/2018 05/30/2014 Books

Basic and clinical immunology /

APA

Peakman M., . (2009). Basic and clinical immunology. Edinburgh: Churchill Livinstone.

Chicago

Peakman Mark, . 2009. Basic and clinical immunology. Edinburgh: Churchill Livinstone.

Harvard

Peakman M., . (2009). Basic and clinical immunology. Edinburgh: Churchill Livinstone.

MLA

Peakman Mark, . Basic and clinical immunology. Edinburgh: Churchill Livinstone. 2009.

  • Place hold
  • Print
  • Cite
  • Add to your cart (remove)
  • Save record
    BIBTEX Dublin Core MARCXML MARC (non-Unicode/MARC-8) MARC (Unicode/UTF-8) MARC (Unicode/UTF-8, Standard) MODS (XML) RIS
  • More searches
    Search for this title in:
    Other Libraries (WorldCat) Other Databases (Google Scholar) Online Stores (Bookfinder.com) Open Library (openlibrary.org)

Exporting to Dublin Core...

SOUTHVILLE LIBRARY

Southville International School and Colleges Library

1281 Tropical Ave. Cor. Luxembourg St., BF Homes International, Las Pinas City

Tel. No. 8256374 / 252358 Loc. 117/146

Powered by Koha